[Event "Oskarja Memorial 10th"]
[Site "Chess.com INT"]
[Date "2021.01.16"]
[Round "10"]
[White "Garic, Mario"]
[Black "Vidic, Marjan"]
[Result "1-0"]
[WhiteElo "1672"]
[BlackElo "1508"]
[PlyCount "43"]
[EventDate "2021.01.16"]
[EventType "swiss (blitz)"]
[EventRounds "15"]
[EventCountry "SLO"]
[SourceTitle "CBM 200 Extra"]
[Source "ChessBase"]
[SourceDate "2021.03.31"]
[SourceVersion "1"]
[SourceVersionDate "2021.03.31"]
[SourceQuality "1"]

1. e4 c5 2. Nc3 Nc6 3. f4 d6 4. Nf3 e6 5. Bb5 a6 6. Bxc6+ bxc6 7. 0-0 Nf6 8. d3 Be7 9. b3 d5 10. e5 Nd7 11. a4 f5 12. Qe1 Qb6 13. Ba3 c4+ 14. Kh1 cxd3 15. Bxe7 Kxe7 16. Qh4+ Ke8 17. g4 g6 18. gxf5 exf5 19. e6 Nc5 20. Ne5 Bxe6 21. Nxg6 d4 22. Qe7# 1-0

[Event "Oskarja Memorial 10th"]
[Site "Chess.com INT"]
[Date "2021.01.16"]
[Round "4"]
[White "Srebro, Mira"]
[Black "Vidic, Marjan"]
[Result "1-0"]
[WhiteElo "1575"]
[BlackElo "1508"]
[PlyCount "61"]
[EventDate "2021.01.16"]
[EventType "swiss (blitz)"]
[EventRounds "15"]
[EventCountry "SLO"]
[SourceTitle "CBM 200 Extra"]
[Source "ChessBase"]
[SourceDate "2021.03.31"]
[SourceVersion "1"]
[SourceVersionDate "2021.03.31"]
[SourceQuality "1"]

1. e4 c5 2. Bc4 Nc6 3. Qf3 Ne5 4. Qb3 Nxc4 5. Qxc4 d6 6. Nc3 Nf6 7. Nf3 g6 8. 0-0 Bg7 9. e5 Nd7 10. exd6 exd6 11. Re1+ Kf8 12. d4 cxd4 13. Ne4 Ne5 14. Nxe5 dxe5 15. Bg5 f6 16. Bh4 Be6 17. Qb4+ Kf7 18. Qxb7+ Qd7 19. Nd6+ Ke7 20. Qxd7+ Bxd7 21. Nc4 Rac8 22. Rxe5+ Kd8 23. Nd6 Rxc2 24. Ra5 Kc7 25. Bg3 Kb6 26. Rd5 Bc6 27. Rxd4 Rxb2 28. Nc4+ Ka6 29. Nxb2 f5 30. Rd2 Rb8 31. Bxb8 1-0

[Event "Oskarja Memorial 10th"]
[Site "Chess.com INT"]
[Date "2021.01.16"]
[Round "11"]
[White "Vidic, Marjan"]
[Black "Kerman, Branko"]
[Result "0-1"]
[WhiteElo "1508"]
[BlackElo "1401"]
[PlyCount "54"]
[EventDate "2021.01.16"]
[EventType "swiss (blitz)"]
[EventRounds "15"]
[EventCountry "SLO"]
[SourceTitle "CBM 200 Extra"]
[Source "ChessBase"]
[SourceDate "2021.03.31"]
[SourceVersion "1"]
[SourceVersionDate "2021.03.31"]
[SourceQuality "1"]

1. d4 f5 2. c4 d6 3. Nc3 c6 4. e3 g6 5. Bd3 e6 6. Nf3 Nf6 7. 0-0 Bg7 8. Re1 0-0 9. e4 Nfd7 10. e5 d5 11. Bg5 Qc7 12. Be7 Re8 13. Bd6 Qd8 14. c5 b5 15. Qd2 a5 16. h4 Nf8 17. Ng5 h6 18. Nf3 Nh7 19. Qc2 Nd7 20. g4 Ndf8 21. gxf5 gxf5 22. Ne2 Ng6 23. Qd2 Nxh4 24. Nxh4 Qxh4 25. Ng3 Ng5 26. Kg2 Qh3+ 27. Kg1 Nf3# 0-1

[Event "Portoroz op 11th"]
[Site "Portoroz"]
[Date "2017.07.22"]
[Round "1"]
[White "Zirkelbach, Maj"]
[Black "Vidic, Marjan"]
[Result "1-0"]
[WhiteElo "2160"]
[BlackElo "1622"]
[PlyCount "31"]
[EventDate "2017.07.22"]
[EventType "swiss"]
[EventRounds "9"]
[EventCountry "SLO"]
[SourceTitle "EXT 2018"]
[Source "ChessBase"]
[SourceDate "2017.10.13"]
[SourceVersion "1"]
[SourceVersionDate "2017.10.13"]
[SourceQuality "1"]

1. d4 Nf6 2. c4 d6 3. Nf3 Nbd7 4. Bg5 g6 5. Nc3 Bg7 6. e4 0-0 7. h3 Re8 8. e5 dxe5 9. dxe5 Nh5 10. g4 f6 11. Be3 Nxe5 12. Nxe5 Qxd1+ 13. Rxd1 fxe5 14. gxh5 gxh5 15. Rg1 Kh8 16. Nd5 1-0